000 01663nam a2200265Ia 4500
999 _c54799
_d54799
001 21868
003 GE_BSU
005 20220617164533.0
008 181216s ||||ge |||||||||||||| ||geo||
040 _cGE_BSU
041 _ageo
080 _a657.372 ე-56
100 _aელიავა, შოთა
_914151
245 _aპრაქტიკული ბუღალტერია ყველასათვის :
_bბუღალტრული გატარებები, ბალანსის შედგენა, ბუღალტრული და საგადასახადო აღრიცხვის ანალიზი, ფინანსური ანგარიშგების მომზადება, 450-ზე მეტი მაგალითი /
_cშოთა ელიავა, ლია ელიავა ; რედ. ლევან ჯანგულაშვილი.
250 _aმე-6 გამოცემა
264 _aთბილისი :
_bკომპანია ,,ჟურნალი გადასახადები და აღრიცხვა",
_c2017.
300 _a376 გვ. ;
_bცხრ. ;
_c29 სმ.
504 _aბიბლიოგრაფია გვ. : 374-376
541 _h42ლ.
653 _aბუღალტერია
653 _aპრაქტიკული ბუღალტერია ყველასათვის
700 _aელიავა, ლია
_eავტორი
_914152
700 _aჯანგულაშვილი, ლევან
_eრედაქტორი
_96699
942 _cBK
_2udc